| 000 | 00995nam0a22003131 4500 | ||
|---|---|---|---|
| 001 | RU\NLR\A1SV\26632 | ||
| 005 | 20251203171251.9 | ||
| 035 | _a(NLR Aleph) 009710953 | ||
| 090 |
_a9832978 _c9832978 |
||
| 100 | _a20010425d1925 u y0rusy50 ca | ||
| 101 | 0 | _arus | |
| 102 | _aRU | ||
| 200 | 1 |
_aИз прошлого татар _fГ.С.Губайдуллин |
|
| 210 |
_aКазань _c2-я Гостип. Комб. изд. и печати "Восток" _d1925 |
||
| 215 |
_aС.71-111, 1 л. ил. _d23 см |
||
| 300 | _aБез тит. л. | ||
| 311 | _aОтт. из сб.: Материалы по изучению Татарстана. Вып.2 | ||
| 620 | _dКазань | ||
| 700 | 1 |
_aГубайдуллин _bГ. С. _f1887-1938 _gГазиз Салихович _4070 |
|
| 801 | 0 |
_aRU _bNLR _c20010425 |
|
| 852 |
_aNLR _j34/2499 |
||
| 899 | _aРГГУ | ||
| 899 | _aРГБ | ||
| 899 | _aРКП | ||
| 899 | _aНБЛ КГУ | ||
| 942 | _cBOOK | ||
| 980 | _aNB | ||
| 980 | _aA1SV | ||